El dragón de siete cabezas / (Registro nro. 4110)
[ vista simple ]
| 000 -LEADER | |
|---|---|
| fixed length control field | 00826nam a2200205Ia 4500 |
| 003 - CONTROL NUMBER IDENTIFIER | |
| control field | OSt |
| 005 - DATE AND TIME OF LATEST TRANSACTION | |
| control field | 20200413130732.0 |
| 008 - FIXED-LENGTH DATA ELEMENTS--GENERAL INFORMATION | |
| fixed length control field | 191128s1996 sp a br 000 j spa d |
| 020 ## - INTERNATIONAL STANDARD BOOK NUMBER | |
| International Standard Book Number | 8424647157 |
| 040 ## - CATALOGING SOURCE | |
| Original cataloging agency | CO-JMCR |
| Transcribing agency | CO-JMCR |
| 041 0# - LANGUAGE CODE | |
| Language code of text/sound track or separate title | spa |
| 082 04 - DEWEY DECIMAL CLASSIFICATION NUMBER | |
| Classification number | C / |
| Item number | DURd |
| 100 1# - MAIN ENTRY--PERSONAL NAME | |
| Personal name | Duran, Teresa, |
| Relator term | Adaptación |
| 9 (RLIN) | 2953 |
| 245 13 - TITLE STATEMENT | |
| Title | El dragón de siete cabezas / |
| Statement of responsibility, etc. | Teresa Duran, Roser Ros |
| 260 ## - PUBLICATION, DISTRIBUTION, ETC. | |
| Place of publication, distribution, etc. | Barcelona : |
| Name of publisher, distributor, etc. | La galeria, |
| Date of publication, distribution, etc. | 1996 |
| 300 ## - PHYSICAL DESCRIPTION | |
| Extent | 31 páginas : |
| Other physical details | ilustraciones en balnco y negro ; |
| Dimensions | 22 cm. |
| 520 ## - SUMMARY, ETC. | |
| Summary, etc. | Este cuento maravilloso fue recojido por Valeri Serra i Boldú con el título de les set cireres ( las siete cerezas). Al adaptarlo, hemos destacado el papel del adversario, casi todo él de nueva creación, y el del animal que habla: |
| 700 ## - ADDED ENTRY--PERSONAL NAME | |
| Personal name | Joma, |
| Relator term | ilustraciones |
| 9 (RLIN) | 2954 |
| 942 ## - ADDED ENTRY ELEMENTS (KOHA) | |
| Source of classification or shelving scheme | Dewey Decimal Classification |
| Koha item type | Books |
| Withdrawn status | Lost status | Source of classification or shelving scheme | Damaged status | Not for loan | Collection code | Home library | Current library | Date acquired | Source of acquisition | Cost, normal purchase price | Total Checkouts | Total Renewals | Full call number | Barcode | Date last seen | Date last checked out | Copy number | Koha item type |
|---|---|---|---|---|---|---|---|---|---|---|---|---|---|---|---|---|---|---|
| Dewey Decimal Classification | Fiction | Biblioteca Pública José María del Castillo y Rada | Biblioteca Pública José María del Castillo y Rada | 11/28/2019 | Donación | 0.00 | 4 | 1 | C / DURd | 201808913 | 08/19/2025 | 08/15/2025 | Ej.1 | Books |